000 01300naa a22003497a 4500
001 BR9404714
003 BR-BrBNA
005 20250721155505.0
007 ta
008 250630b bl.|||m| |||| 00| 0 por d
040 _aBR-BrBNA
_bpor
_cBiblioteca Nacional de Agricultura
041 _a(Pt)
072 _aL72
_b5212
_b5217
_b4050
090 _aL72 BR9404714
100 1 _aPaiva, M. das G. de S.
100 1 _aPimentel, D.M.
100 1 _aMontenegro, A.J.D.
100 1 _aMoutinho, H.C.
111 1 _a1. Simposio do Tropico Umido
_cBelem, PA (Brazil)
_d12-17 Nov 1984
245 1 _aOcorrencia de parasitos gastrintestinais nos rebanhos bovinos e bubalinos no Amapa
500 _aAnais do 1. Simposio do Tropico Umido. V. 5 Pastagem e producao animal Belem, PA (Brasil): 1986. p. 315-318 [Summaries (En, Pt)] (BR9404714-AMS)
773 0 _tAnais do 1. Simposio do Tropico Umido. V. 5 Pastagem e producao animal
_wL72 BR9404714
_gBelem, PA (Brasil), 1986. p. 315-318
650 _aBovino
650 _aBufalo
650 _aNematoide
650 _aProtozoario
650 _aInfestacao
650 _aAmapa
490 _aDocumentos - Centro de Pesquisa Agropecuaria do Tropico Umido (Brazil)
_vno. 36
_xISSN 0101-2835
942 _cAMS
_2AGRIS
909 _a202506
_bLúcia
_c55
_dLúcia Elande
999 _c336793
_d336793